| 000 | 01229cam a2200241Ka 4500 | ||
|---|---|---|---|
| 020 | _a9789251061350 | ||
| 020 | _a9251061351 | ||
| 040 | _cBTCTA | ||
| 082 | _a635 RUR 2009 A036 Or. | ||
| 100 | 1 | _aMarshall, E. | |
| 245 | 1 | 0 | _aMake money by growing mushrooms / |
| 260 |
_aRome : _bRural Infrastructure and Agro-Industries Division, Food and Agriculture Organization of the United Nations, _c2009 |
||
| 300 |
_avii, 53 p. : _bill. ; _c21 cm |
||
| 490 | 1 | _aFAO diversification booklet, | |
| 520 | _aMushroom cultivation can help reduce vulnerability to poverty and strengthens livelihoods through the generation of fats yielding and nutritious source of food and a reliable source of income. This booklet addresses what to do and how to promote sustainable development of mushroom cultivation for the benefit of the poor. It is aimed at people and organizations providing advisory, business and technical support services.--Publisher's description | ||
| 650 | 0 | _aMushroom culture | |
| 650 | 0 | _aMushroom culture | |
| 650 | 0 | _aEdible mushrooms | |
| 700 | 1 | _aNair, N. G | |
| 710 | 2 | _aFood and Agriculture Organization of the United Nations | |
| 856 | 1 | 1 | _uftp://ftp.fao.org/docrep/fao/011/i0522e/i0522e00.pdf |
| 942 | _cEK | ||
| 999 |
_c11345 _d11345 |
||